000 00310nam a22001337a 4500
999 _c23120
_d23120
003 Nust
005 20170519124842.0
008 140127b xxu||||| |||| 00| 0 eng d
020 _a8129703505
040 _aDLC
_bDLC
_cRCMS
082 _a621.382 SCH
100 _aJOCHEN SCHILLER
_9730
245 _aMOBILE COMMUNICATIONS
250 _a2nd,ed.
260 _aINDIA
_bPEARSON
_cc2003
300 _axx,512,p:
_bill:
_c26,cm.
538 _iShelf # 12, Row # 1, System Engineering.
650 _aComputers / Data Transmission Systems
_9731
856 _3Table of Content Only
942 _cBK
_2ddc